[Event "DVM U20w 2009"]
[Site "Chemnitz GER"]
[Date "2009.12.28"]
[Round "4"]
[White "Groschwitz, Isabella"]
[Black "Wilke, Tabea"]
[Result "1-0"]
[Termination "normal"]
[Board "7.1"]
[WhiteElo "1503"]
[BlackElo "911"]
[WhiteTeam "SF Fichtelgebirge"]
[BlackTeam "SC 1979 Hattersheim"]
[PlyCount "70"]
[BlackFideId "12910015"]
[EventCountry "GER"]
[EventRounds "7"]
[EventType "team-swiss"]
[EventDate "2009.12.26"]

1. d4 d5 2. Nf3 Nf6 3. Bf4 Bf5 4. e3 Nc6 5. Nbd2 e6 6. c3 Be7 7. Bb5 O-O 8.
Bxc6 bxc6 9. Ne5 Qe8 10. Qa4 Kh8 11. Qxc6 Qxc6 12. Nxc6 Bd6 13. Bxd6 cxd6 14.
Nf3 Bd3 15. Nb4 Be4 16. O-O-O a5 17. Nc2 Rfb8 18. Rhg1 Ra7 19. Nd2 Bxc2 20.
Kxc2 Rab7 21. Rb1 e5 22. Nf3 e4 23. Ng5 h6 24. Nh3 Rc7 25. f3 Rbc8 26. Nf2 g5
27. Ng4 Nxg4 28. fxg4 a4 29. a3 Rg8 30. Rgf1 h5 31. gxh5 g4 32. Rf5 g3 33. h3
Rf8 34. Rxd5 f5 35. Rf1 Rcf7 1-0

[Event "DVM U20w 2009"]
[Site "Chemnitz GER"]
[Date "2009.12.28"]
[Round "4"]
[White "Mitze, Alicia"]
[Black "Zürner, Bianca"]
[Result "0-1"]
[Termination "normal"]
[Board "7.2"]
[WhiteElo "827"]
[BlackElo "1329"]
[WhiteTeam "SC 1979 Hattersheim"]
[BlackTeam "SF Fichtelgebirge"]
[PlyCount "96"]
[BlackFideId "12909963"]
[EventCountry "GER"]
[EventRounds "7"]
[EventType "team-swiss"]
[EventDate "2009.12.26"]

1. e4 e5 2. Bc4 Nf6 3. Nc3 Bc5 4. d3 h6 5. Nf3 Nc6 6. O-O O-O 7. Be3 Bxe3 8.
fxe3 d6 9. d4 Ng4 10. Qe2 Qe7 11. a3 Be6 12. d5 Na5 13. dxe6 Nxc4 14. Qxc4 Nxe3
15. exf7+ Rxf7 16. Qb3 Nxf1 17. Rxf1 c6 18. Kh1 Kh8 19. Qc4 Raf8 20. h3 Rf4 21.
Ne2 d5 22. Nxf4 Rxf4 23. Qe2 Rxe4 24. Qf2 Kg8 25. b3 b6 26. g3 g5 27. Re1 Rxe1+
28. Qxe1 e4 29. Nd4 Qd7 30. Qf1 Kg7 31. g4 Kg6 32. Qf2 c5 33. Nf5 h5 34. Kg2
Qe6 35. gxh5+ Kh7 36. Kg3 Qe5+ 37. Kg4 Qf6 38. Qd2 d4 39. Qe2 e3 40. Qd3 Kg8
41. Qa6 Kf8 42. h6 Kg8 43. Qxa7 e2 44. h7+ Kh8 45. Qa8+ Kxh7 46. Qe4 Kg6 47.
Ng3+ Kh6 48. Qxe2 Qf4# 0-1

[Event "DVM U20 2009"]
[Site "Chemnitz GER"]
[Date "2009.12.27"]
[Round "1"]
[White "Borgmeyer, Max"]
[Black "Huschenbeth, Niclas"]
[Result "0-1"]
[Termination "normal"]
[Board "1.1"]
[BlackTitle "IM"]
[WhiteElo "2058"]
[BlackElo "2411"]
[WhiteTeam "SC Königsspringer Hamburg 1984"]
[BlackTeam "Hamburger SK von 1830 eV"]
[PlyCount "90"]
[WhiteFideId "24615870"]
[BlackFideId "24604747"]
[EventCountry "GER"]
[EventRounds "7"]
[EventType "team-swiss"]
[EventDate "2009.12.26"]

1. e4 c5 2. Nf3 d6 3. d4 cxd4 4. Nxd4 Nf6 5. Nc3 Nc6 6. Bg5 e6 7. Qd2 Be7 8.
O-O-O Nxd4 9. Qxd4 a6 10. f3 b5 11. h4 Bb7 12. h5 Qa5 13. e5 b4 14. Bxf6 gxf6
15. exd6 e5 16. Qg4 bxc3 17. dxe7 Bc6 18. Qc4 cxb2+ 19. Kb1 Bd7 20. Qe4 Rc8 21.
Bc4 Qa4 22. Bb3 Qxe4 23. fxe4 Kxe7 24. Rd5 Rhg8 25. Rhd1 Bc6 26. R5d2 Rb8 27.
Bd5 Bxd5 28. exd5 f5 29. c4 Rgc8 30. d6+ Kd7 31. Rd5 f6 32. Ra5 Rxc4 33. Rxa6
Rb7 34. Ra8 f4 35. Rh8 Rc1+ 36. Rxc1 bxc1=Q+ 37. Kxc1 Kxd6 38. h6 e4 39. Rg8
Ra7 40. Kb2 e3 41. Rd8+ Rd7 42. Re8 Re7 43. Rd8+ Kc5 44. Rd1 e2 45. Re1 Kd4 0-1

[Event "DVM U20 2009"]
[Site "Chemnitz GER"]
[Date "2009.12.27"]
[Round "1"]
[White "Maiorov, Daniel"]
[Black "Bracker, Arne"]
[Result "1/2-1/2"]
[Termination "normal"]
[Board "1.3"]
[WhiteElo "1920"]
[BlackElo "2219"]
[WhiteTeam "SC Königsspringer Hamburg 1984"]
[BlackTeam "Hamburger SK von 1830 eV"]
[PlyCount "41"]
[WhiteFideId "24646920"]
[BlackFideId "24618160"]
[EventCountry "GER"]
[EventRounds "7"]
[EventType "team-swiss"]
[EventDate "2009.12.26"]

1. e4 e5 2. Nf3 Nc6 3. Bc4 Nf6 4. d3 Bc5 5. c3 d6 6. h3 O-O 7. Bb3 a6 8. Bg5 h6
9. Bh4 g5 10. Bg3 Nh5 11. Nbd2 Nf4 12. Bxf4 gxf4 13. g3 fxg3 14. fxg3 Kh7 15.
h4 Be6 16. Ng5+ hxg5 17. hxg5+ Kg7 18. Rh7+ Kxh7 19. Qh5+ Kg8 20. Bxe6 Be3 21.
Qg6+ {#7 möglich} 1/2-1/2

[Event "DVM U20 2009"]
[Site "Chemnitz GER"]
[Date "2009.12.27"]
[Round "1"]
[White "Colpe, Malte"]
[Black "Streich, Justus"]
[Result "1-0"]
[Termination "normal"]
[Board "1.4"]
[WhiteElo "2160"]
[BlackElo "1902"]
[WhiteTeam "Hamburger SK von 1830 eV"]
[BlackTeam "SC Königsspringer Hamburg 1984"]
[PlyCount "67"]
[WhiteFideId "24623075"]
[BlackFideId "24697168"]
[EventCountry "GER"]
[EventRounds "7"]
[EventType "team-swiss"]
[EventDate "2009.12.26"]

1. d4 d5 2. c4 e6 3. Nc3 Be7 4. Nf3 Nf6 5. Bf4 O-O 6. e3 a6 7. a3 dxc4 8. Bxc4
b5 9. Bd3 Bb7 10. O-O c5 11. dxc5 Bxc5 12. Qe2 Bd6 13. Rfd1 Nd5 14. Nxd5 exd5
15. Bxh7+ Kxh7 16. Ng5+ Kg6 17. Qd3+ f5 18. Ne6 Qe7 19. Bxd6 Qxd6 20. Nxf8+
Qxf8 21. Rac1 Qd6 22. g4 Qe5 23. Rc7 Bc6 24. f4 Qe4 25. gxf5+ Kxf5 26. Qe2 g6
27. h3 Kf6 28. Qf2 Ke6 29. Qg3 Qc2 30. f5+ Qxf5 31. Rf1 Qe4 32. Qg5 Kd6 33.
Qd8+ Nd7 34. Rf6+ 1-0

[Event "DVM U20 2009"]
[Site "Chemnitz GER"]
[Date "2009.12.27"]
[Round "1"]
[White "Langmann, Markus"]
[Black "Lampert, Jonas"]
[Result "0-1"]
[Termination "normal"]
[Board "1.5"]
[WhiteElo "1954"]
[BlackElo "2111"]
[WhiteTeam "SC Königsspringer Hamburg 1984"]
[BlackTeam "Hamburger SK von 1830 eV"]
[PlyCount "110"]
[WhiteFideId "24651281"]
[BlackFideId "1303759"]
[EventCountry "GER"]
[EventRounds "7"]
[EventType "team-swiss"]
[EventDate "2009.12.26"]

1. e4 c5 2. c3 d5 3. exd5 Qxd5 4. d4 g6 5. Na3 Bg7 6. Nb5 Na6 7. Be3 Nf6 8.
dxc5 O-O 9. Nf3 Bg4 10. Be2 Rfd8 11. Qxd5 Nxd5 12. Bd4 e5 13. Be3 Nxe3 14. fxe3
Nxc5 15. O-O a6 16. Na3 e4 17. Nd4 Bxe2 18. Nxe2 Rd2 19. Nd4 Bxd4 20. exd4 Nd3
21. Nc4 Re2 22. Rf6 b5 23. Ne5 Nxe5 24. dxe5 Rd8 25. Rf2 Red2 26. Rxd2 Rxd2 27.
a4 e3 28. axb5 e2 29. Re1 axb5 30. Kf2 Rxb2 31. Rxe2 Rb3 32. Re3 Kf8 33. Kf3
Ke7 34. Ke4 Rb2 35. Rg3 Ke6 36. h3 Re2+ 37. Kd4 Rxe5 38. Rf3 Rd5+ 39. Ke3 f5
40. Rf4 Ke5 41. Rb4 Rc5 42. Kd3 g5 43. h4 h6 44. g3 f4 45. hxg5 hxg5 46. gxf4+
gxf4 47. Re4+ Kf5 48. Re8 Rd5+ 49. Kc2 Kg4 50. Kb3 f3 51. Re4+ Kg3 52. Re8 Rf5
53. Rg8+ Kf4 54. Rd8 f2 55. Rd1 Ke3 0-1

[Event "DVM U20 2009"]
[Site "Chemnitz GER"]
[Date "2009.12.27"]
[Round "1"]
[White "Dalakian, Haroutioun"]
[Black "Akram, Shumon"]
[Result "1/2-1/2"]
[Termination "normal"]
[Board "1.6"]
[WhiteElo "2145"]
[BlackElo "1732"]
[WhiteTeam "Hamburger SK von 1830 eV"]
[BlackTeam "SC Königsspringer Hamburg 1984"]
[PlyCount "89"]
[WhiteFideId "24632058"]
[BlackFideId "24697184"]
[EventCountry "GER"]
[EventRounds "7"]
[EventType "team-swiss"]
[EventDate "2009.12.26"]

1. Nf3 Nf6 2. c4 e6 3. Nc3 d5 4. d4 dxc4 5. e3 a6 6. a4 c5 7. Bxc4 Nc6 8. O-O
cxd4 9. exd4 Nb4 10. Bg5 Be7 11. Qe2 Bd7 12. Ne5 O-O 13. Rfd1 Bc6 14. Nxc6 Nxc6
15. d5 exd5 16. Nxd5 Nxd5 17. Rxd5 Qc7 18. Bxe7 Nxe7 19. Rd2 Nc6 20. Rad1 Rad8
21. h3 Rfe8 22. Rxd8 Rxd8 23. Re1 g6 24. Ba2 Qd7 25. Qc4 Re8 26. Rc1 Re7 27. b4
Qd4 28. b5 Qxc4 29. Bxc4 axb5 30. Bxb5 Nd4 31. Rb1 Nxb5 32. Rxb5 f5 33. a5 Kf7
34. Rb6 Kg7 35. g4 fxg4 36. hxg4 Kg8 37. Kg2 Re5 38. Rxb7 Rxa5 39. Kg3 Rc5 40.
Kf4 h5 41. gxh5 Rxh5 42. Kg4 Rf5 43. f4 Kf8 44. Ra7 Rh5 45. Rb7 1/2-1/2

[Event "DVM U20 2009"]
[Site "Chemnitz GER"]
[Date "2009.12.27"]
[Round "1"]
[White "Kotainy, Jens"]
[Black "Fox, Daniel"]
[Result "1/2-1/2"]
[Termination "normal"]
[Board "2.1"]
[WhiteElo "2243"]
[BlackElo "2118"]
[WhiteTeam "Schachgesellschaft Bochum 1931"]
[BlackTeam "Brackweder SK von 1924"]
[PlyCount "113"]
[WhiteFideId "24670499"]
[BlackFideId "24623172"]
[EventCountry "GER"]
[EventRounds "7"]
[EventType "team-swiss"]
[EventDate "2009.12.26"]

1. e4 e6 2. d4 d5 3. Nc3 Bb4 4. e5 Ne7 5. a3 Bxc3+ 6. bxc3 c5 7. Qg4 O-O 8. Bd3
f5 9. exf6 Rxf6 10. Bg5 Rf7 11. Qh5 g6 12. Qd1 Nbc6 13. Nf3 Qf8 14. O-O c4 15.
Be2 h6 16. Bc1 Bd7 17. a4 Qg7 18. Ba3 g5 19. Rb1 b6 20. a5 bxa5 21. Rb7 Ng6 22.
g3 Be8 23. Rb1 Rb7 24. Qd2 Rab8 25. Ra1 Rd8 26. Bc5 Nge7 27. Qe3 Bf7 28. Nd2
Nf5 29. Qf3 Be8 30. g4 Nh4 31. Qe3 e5 32. dxe5 Qxe5 33. Qxe5 Nxe5 34. Rxa5 Nc6
35. Ra6 Rb2 36. Bd1 Ng6 37. Nf3 Rb5 38. Be3 Rdb8 39. Nd4 R5b6 40. Nxc6 Rxc6 41.
Rxa7 Rf6 42. Bd4 Rf7 43. Ra6 Kh7 44. Rd6 Rd7 45. Rxd7+ Bxd7 46. Bf3 Be6 47. Re1
Bf7 48. Ra1 Nh4 49. Be2 Rb2 50. Bd1 Bg6 51. Kf1 Bxc2 52. Bxc2+ Rxc2 53. Ra7+
Kg8 54. Ra8+ Kf7 55. Ra7+ Kg8 56. Ra8+ Kf7 57. Ra7+ 1/2-1/2

[Event "DVM U20 2009"]
[Site "Chemnitz GER"]
[Date "2009.12.27"]
[Round "1"]
[White "Fox, Jonas"]
[Black "Pilat, Daniel"]
[Result "0-1"]
[Termination "normal"]
[Board "2.2"]
[WhiteElo "2031"]
[BlackElo "2174"]
[WhiteTeam "Brackweder SK von 1924"]
[BlackTeam "Schachgesellschaft Bochum 1931"]
[PlyCount "100"]
[WhiteFideId "24667056"]
[BlackFideId "24602116"]
[EventCountry "GER"]
[EventRounds "7"]
[EventType "team-swiss"]
[EventDate "2009.12.26"]

1. e4 e6 2. d4 d5 3. Nd2 Nc6 4. Ngf3 Nf6 5. e5 Nd7 6. Bd3 f6 7. exf6 Qxf6 8.
Nb3 e5 9. Bg5 Qd6 10. dxe5 Ndxe5 11. Qe2 Be7 12. O-O-O Nxd3+ 13. Rxd3 O-O 14.
Bxe7 Nxe7 15. Kb1 Ng6 16. Qd2 Nf4 17. Rd4 c6 18. g3 Ne6 19. Rd3 a5 20. h4 a4
21. Nbd4 Nc5 22. Re3 Ne4 23. Qe1 c5 24. Nb5 Qc6 25. Nc3 Nxc3+ 26. Rxc3 d4 27.
Nxd4 Qd5 28. Nb5 Qc6 29. Nd4 Qd5 30. Nb5 Be6 31. Ra3 Qc6 32. Nc3 Rae8 33. Qc1
b5 34. Ne2 Rxf2 35. Nf4 Bf5 36. Rc3 b4 37. Nd3 bxc3 38. Nxf2 cxb2 39. Qf4 a3
40. Rd1 Bg6 41. Ng4 Qg2 42. Qc4+ Bf7 43. Qxc5 Qd5 44. Qxd5 Bxd5 45. Nf2 Bf3 46.
Rg1 Re2 47. Nd3 Be4 48. Rd1 Bxd3 49. cxd3 h5 50. d4 Kf7 0-1

[Event "DVM U20 2009"]
[Site "Chemnitz GER"]
[Date "2009.12.27"]
[Round "1"]
[White "Mazarov, Jürgen"]
[Black "Ehrlich, Tim"]
[Result "1/2-1/2"]
[Termination "normal"]
[Board "2.3"]
[WhiteElo "2185"]
[BlackElo "1977"]
[WhiteTeam "Schachgesellschaft Bochum 1931"]
[BlackTeam "Brackweder SK von 1924"]
[PlyCount "118"]
[WhiteFideId "24617768"]
[BlackFideId "24666548"]
[EventCountry "GER"]
[EventRounds "7"]
[EventType "team-swiss"]
[EventDate "2009.12.26"]

1. e4 c5 2. Nf3 d6 3. d4 cxd4 4. Nxd4 Nf6 5. Nc3 g6 6. Be3 Bg7 7. f3 Nc6 8. Qd2
O-O 9. g4 Nxd4 10. Bxd4 Be6 11. O-O-O Qa5 12. Kb1 Rfc8 13. a3 Rab8 14. h4 b5
15. Nd5 Qxd2 16. Rxd2 Bxd5 17. exd5 a6 18. Bh3 Rc7 19. Re1 h5 20. gxh5 Nxh5 21.
Bg4 Nf6 22. h5 Nxh5 23. Bxh5 Bxd4 24. Rxd4 gxh5 25. Rg1+ Kf8 26. Rh4 Rbc8 27.
Rxh5 Ke8 28. c3 Kd7 29. Rg7 f6 30. Rhh7 Re8 31. Kc2 Rc4 32. Kd3 Rf4 33. Ke3 Rf5
34. Ke4 Re5+ 35. Kd4 Re2 36. b3 Rb2 37. a4 Rxb3 38. axb5 Rxb5 39. Rh1 a5 40. c4
Rb3 41. Ra1 Ra8 42. Re1 Re8 43. Ra1 Rh8 44. f4 Rh4 45. Ke4 Rb4 46. Rxa5 Rxc4+
47. Kd3 Rc7 48. Ra4 Rh1 49. Ke4 Rhc1 50. Kf5 R1c5 51. Re4 Rxd5+ 52. Kg6 Ke8 53.
Rg8+ Kd7 54. Rg7 Kc6 55. Rexe7 Rxe7 56. Rxe7 f5 57. Rf7 Kc5 58. Rxf5 Rxf5 59.
Kxf5 d5 1/2-1/2

[Event "DVM U20 2009"]
[Site "Chemnitz GER"]
[Date "2009.12.27"]
[Round "1"]
[White "Rücker, Bastian"]
[Black "Hobusch, Alexander"]
[Result "1/2-1/2"]
[Termination "normal"]
[Board "2.4"]
[WhiteElo "1875"]
[BlackElo "2128"]
[WhiteTeam "Brackweder SK von 1924"]
[BlackTeam "Schachgesellschaft Bochum 1931"]
[PlyCount "118"]
[WhiteFideId "24682381"]
[BlackFideId "24611387"]
[EventCountry "GER"]
[EventRounds "7"]
[EventType "team-swiss"]
[EventDate "2009.12.26"]

1. d4 d5 2. c4 e6 3. Nc3 Nf6 4. cxd5 exd5 5. Bg5 Be7 6. Qc2 c6 7. e3 Nbd7 8.
Bd3 Nh5 9. Bxe7 Qxe7 10. Nge2 g6 11. Ng3 Ng7 12. O-O O-O 13. Rae1 Nf6 14. f3
Qd6 15. Qd2 Re8 16. Bb1 c5 17. e4 Qc6 18. Qg5 cxd4 19. exd5 Qb6 20. Nce4 Nd7
21. Qd2 f5 22. Ng5 Nf6 23. Rxe8+ Nfxe8 24. Rd1 Nf6 25. Qxd4 Qxd4+ 26. Rxd4 b6
27. a4 h6 28. Nh3 Bb7 29. Ba2 Rd8 30. Nf4 Kh7 31. d6 Nge8 32. Bf7 g5 33. Bg6+
Kg8 34. Ne6 Rxd6 35. Rxd6 Nxd6 36. Nxf5 Nxf5 37. Bxf5 Bd5 38. Nd4 Kf7 39. Bd3
Nd7 40. Bb5 Nc5 41. Nf5 a6 42. Be2 Nxa4 43. Bxa6 h5 44. Bb5 Nxb2 45. Nd6+ Ke6
46. Nc8 Bc4 47. Be8 b5 48. Na7 b4 49. Nc6 Nd3 50. Nxb4 Nxb4 51. Bxh5 Nd5 52. g3
Nf6 53. Bg6 Ke5 54. h4 gxh4 55. gxh4 Kf4 56. h5 Kxf3 57. h6 Bg8 58. h7 Nxh7 59.
Bxh7 Bxh7 1/2-1/2

[Event "DVM U20 2009"]
[Site "Chemnitz GER"]
[Date "2009.12.27"]
[Round "1"]
[White "Tkachuk, Konstantyn"]
[Black "Spisla, Dominik"]
[Result "1-0"]
[Termination "normal"]
[Board "2.5"]
[WhiteElo "2156"]
[BlackElo "1807"]
[WhiteTeam "Schachgesellschaft Bochum 1931"]
[BlackTeam "Brackweder SK von 1924"]
[PlyCount "59"]
[WhiteFideId "24647330"]
[BlackFideId "24676306"]
[EventCountry "GER"]
[EventRounds "7"]
[EventType "team-swiss"]
[EventDate "2009.12.26"]

1. e4 c5 2. Nf3 d6 3. d4 cxd4 4. Nxd4 Nf6 5. Nc3 a6 6. Bg5 e6 7. f4 Qb6 8. Nb3
Nc6 9. Qf3 Be7 10. O-O-O Qc7 11. Bd3 Rb8 12. Rhe1 b5 13. a3 Na5 14. Nxa5 Qxa5
15. e5 Bb7 16. Qg3 dxe5 17. fxe5 Nh5 18. Qh4 Bxg5+ 19. Qxg5 g6 20. Be4 O-O 21.
g4 Ng7 22. Bxb7 Rxb7 23. Ne4 Ne8 24. Nf6+ Nxf6 25. exf6 Kh8 26. Re3 Rd8 27.
Red3 Rxd3 28. Rxd3 Rb8 29. Qh6 Rg8 30. Qxh7+ 1-0

[Event "DVM U20 2009"]
[Site "Chemnitz GER"]
[Date "2009.12.27"]
[Round "1"]
[White "Olyschläger, Richard"]
[Black "Kelbling, Philipp"]
[Result "0-1"]
[Termination "normal"]
[Board "2.6"]
[WhiteElo "1942"]
[BlackElo "2116"]
[WhiteTeam "Brackweder SK von 1924"]
[BlackTeam "Schachgesellschaft Bochum 1931"]
[PlyCount "106"]
[WhiteFideId "24630209"]
[BlackFideId "24669750"]
[EventCountry "GER"]
[EventRounds "7"]
[EventType "team-swiss"]
[EventDate "2009.12.26"]

1. d4 Nf6 2. Bf4 d5 3. e3 c5 4. c3 Qb6 5. Qb3 Nc6 6. Na3 Qxb3 7. axb3 Bf5 8.
dxc5 e5 9. Bg3 Bxc5 10. Nf3 Bd6 11. Be2 Rd8 12. O-O Ne4 13. Rfd1 Nxg3 14. hxg3
Bb8 15. b4 O-O 16. b5 Ne7 17. Ne1 Rd7 18. Nac2 Rfd8 19. Nb4 d4 20. exd4 exd4
21. c4 Bd6 22. Nbd3 b6 23. Nc2 Ng6 24. Bf3 Be7 25. Bd5 Be6 26. Bc6 Rc7 27. Ra4
Bf5 28. Ncb4 Bc5 29. Nd5 Rcc8 30. Nxc5 Bc2 31. Rd2 d3 32. Rxc2 dxc2 33. Nd3 Ne5
34. Nc1 Nxc6 35. bxc6 Re8 36. Ne3 Rcd8 37. Kh2 Rd2 38. Nd5 Rd1 39. Nb3 Ree1 40.
Kh3 Rd4 41. Kh2 Rdd1 42. Kh3 h5 43. Kh4 Re5 44. g4 g5+ 45. Kg3 h4+ 46. Kh2 Ree1
47. g3 hxg3+ 48. Kxg3 Rd3+ 49. Ne3 Rxb3 50. c7 Rbxe3+ 51. fxe3 Rxe3+ 52. Kf2
c1=Q 53. c8=Q+ Kg7 0-1

[Event "DVM U20 2009"]
[Site "Chemnitz GER"]
[Date "2009.12.27"]
[Round "1"]
[White "Brüggemann, Florian"]
[Black "Seyb, Alexander"]
[Result "0-1"]
[Termination "normal"]
[Board "3.1"]
[WhiteElo "2030"]
[BlackElo "2265"]
[WhiteTeam "SG Aufbau Elbe Magdeburg"]
[BlackTeam "FSV Großenseebach"]
[PlyCount "40"]
[WhiteFideId "24645567"]
[BlackFideId "4699033"]
[EventCountry "GER"]
[EventRounds "7"]
[EventType "team-swiss"]
[EventDate "2009.12.26"]

1. e4 e5 2. Nf3 Nc6 3. d4 exd4 4. c3 d5 5. exd5 Qxd5 6. Nxd4 Nxd4 7. Be3 Be6 8.
Qxd4 Nf6 9. Qxd5 Nxd5 10. Bd2 O-O-O 11. Be2 Bc5 12. O-O Rhe8 13. b4 Be7 14. a4
Bf6 15. Ra3 Nb6 16. Rc1 Bf5 17. a5 Rxe2 18. axb6 axb6 19. Be1 Rd6 20. f3 Bg5
0-1

[Event "DVM U20 2009"]
[Site "Chemnitz GER"]
[Date "2009.12.27"]
[Round "1"]
[White "Schneider, David"]
[Black "Paul, Johannes"]
[Result "1-0"]
[Termination "normal"]
[Board "3.2"]
[WhiteElo "2273"]
[BlackElo "2142"]
[WhiteTeam "FSV Großenseebach"]
[BlackTeam "SG Aufbau Elbe Magdeburg"]
[PlyCount "61"]
[WhiteFideId "4697111"]
[BlackFideId "24622087"]
[EventCountry "GER"]
[EventRounds "7"]
[EventType "team-swiss"]
[EventDate "2009.12.26"]

1. e4 c5 2. Nf3 Nc6 3. Bb5 g6 4. Bxc6 dxc6 5. d3 Bg7 6. h3 Nf6 7. Nc3 O-O 8.
Be3 Nd7 9. Qd2 e5 10. Bh6 Qe7 11. Nh2 Re8 12. Bxg7 Kxg7 13. Ng4 Nf8 14. Qh6+
Kh8 15. O-O-O f6 16. g3 Ne6 17. f4 Nd4 18. Rdf1 Bxg4 19. hxg4 Qg7 20. Qh4 b5
21. Rf2 exf4 22. gxf4 g5 23. Qh2 Re7 24. Ne2 Rg8 25. f5 Nxe2+ 26. Rxe2 Rge8 27.
Rhe1 Re5 28. Rd2 Qe7 29. Red1 b4 30. Kb1 a5 31. b3 1-0

[Event "DVM U20 2009"]
[Site "Chemnitz GER"]
[Date "2009.12.27"]
[Round "1"]
[White "Schiffner, Kevin"]
[Black "Linsenmeyer, Mario"]
[Result "1/2-1/2"]
[Termination "normal"]
[Board "3.3"]
[WhiteElo "1952"]
[BlackElo "2097"]
[WhiteTeam "SG Aufbau Elbe Magdeburg"]
[BlackTeam "FSV Großenseebach"]
[PlyCount "44"]
[WhiteFideId "24674940"]
[BlackFideId "24635138"]
[EventCountry "GER"]
[EventRounds "7"]
[EventType "team-swiss"]
[EventDate "2009.12.26"]

1. d4 Nf6 2. c4 e5 3. dxe5 Ng4 4. Nf3 Bc5 5. e3 Nc6 6. Nc3 Ngxe5 7. Be2 O-O 8.
O-O d6 9. a3 a5 10. Qc2 Nxf3+ 11. Bxf3 Ne5 12. Be2 f5 13. Na4 Ba7 14. c5 Be6
15. Bd2 Qh4 16. b4 Rf6 17. f4 Rh6 18. h3 Nf7 19. Be1 Qe7 20. Bf3 Nd8 21. Bf2
Qf7 22. Qd2 d5 1/2-1/2

[Event "DVM U20 2009"]
[Site "Chemnitz GER"]
[Date "2009.12.27"]
[Round "1"]
[White "Quaschner, Tobias"]
[Black "Schulz, Marcel"]
[Result "1-0"]
[Termination "normal"]
[Board "3.4"]
[WhiteElo "1962"]
[BlackElo "1867"]
[WhiteTeam "FSV Großenseebach"]
[BlackTeam "SG Aufbau Elbe Magdeburg"]
[PlyCount "65"]
[WhiteFideId "24646989"]
[BlackFideId "1270585"]
[EventCountry "GER"]
[EventRounds "7"]
[EventType "team-swiss"]
[EventDate "2009.12.26"]

1. e4 c5 2. c3 Nf6 3. e5 Nd5 4. d4 cxd4 5. cxd4 e6 6. Nc3 Nxc3 7. bxc3 d6 8. f4
dxe5 9. fxe5 Be7 10. Nf3 O-O 11. Bd3 Bd7 12. O-O Bc6 13. Qe1 Nd7 14. Qg3 Kh8
15. Ng5 Bxg5 16. Bxg5 Qb6 17. Qh3 g6 18. Rf4 Qb2 19. Rb1 Qxc3 20. Bf6+ Nxf6 21.
exf6 Qd2 22. Rbf1 Rad8 23. Rh4 Kg8 24. Rxh7 Qxg2+ 25. Qxg2 Bxg2 26. Rg7+ Kh8
27. Kxg2 Rxd4 28. Rf3 Rg4+ 29. Rg3 Rxg3+ 30. hxg3 Rd8 31. Bc4 Rd4 32. Bb3 a5
33. Rxf7 1-0

[Event "DVM U20 2009"]
[Site "Chemnitz GER"]
[Date "2009.12.27"]
[Round "1"]
[White "Rickmann, David"]
[Black "Kirch, Daniel"]
[Result "0-1"]
[Termination "normal"]
[Board "3.5"]
[WhiteElo "1895"]
[BlackElo "2050"]
[WhiteTeam "SG Aufbau Elbe Magdeburg"]
[BlackTeam "FSV Großenseebach"]
[PlyCount "54"]
[WhiteFideId "24657360"]
[BlackFideId "24605786"]
[EventCountry "GER"]
[EventRounds "7"]
[EventType "team-swiss"]
[EventDate "2009.12.26"]

1. e4 e5 2. Nf3 Nc6 3. d4 exd4 4. Nxd4 Nf6 5. Nxc6 bxc6 6. Bd3 d5 7. Qe2 Bg4 8.
Qe3 d4 9. Qd2 Bc5 10. O-O O-O 11. c3 Re8 12. Kh1 Bh5 13. f3 Nd7 14. Be2 Ne5 15.
Rd1 d3 16. Bxd3 Nxf3 17. Qe2 Ne5 18. Qxh5 Nxd3 19. Rxd3 Qxd3 20. Qxc5 Rxe4 21.
Bd2 Rae8 22. h3 h6 23. Qxc6 Re1+ 24. Bxe1 Rxe1+ 25. Kh2 Qe3 26. Qd5 Qf4+ 27. g3
Re2+ 0-1

[Event "DVM U20 2009"]
[Site "Chemnitz GER"]
[Date "2009.12.27"]
[Round "1"]
[White "Kirch, Florian"]
[Black "Schwenke, Vincent"]
[Result "1-0"]
[Termination "normal"]
[Board "3.6"]
[WhiteElo "1989"]
[BlackElo "1814"]
[WhiteTeam "FSV Großenseebach"]
[BlackTeam "SG Aufbau Elbe Magdeburg"]
[PlyCount "39"]
[WhiteFideId "24605794"]
[BlackFideId "24620467"]
[EventCountry "GER"]
[EventRounds "7"]
[EventType "team-swiss"]
[EventDate "2009.12.26"]

1. d4 f5 2. c4 Nf6 3. g3 g6 4. Nf3 Bg7 5. Bg2 O-O 6. O-O d6 7. Nc3 Nc6 8. d5
Ne5 9. Nxe5 dxe5 10. e4 f4 11. gxf4 exf4 12. Bxf4 Nxe4 13. Ne2 Nd6 14. Qb3 b6
15. Be3 Rb8 16. Nd4 Bd7 17. Rad1 Qc8 18. Bg5 e6 19. dxe6 Bxe6 20. Nxe6 1-0

[Event "DVM U20 2009"]
[Site "Chemnitz GER"]
[Date "2009.12.27"]
[Round "1"]
[White "Billing, Christian"]
[Black "Döring, Andreas"]
[Result "1-0"]
[Termination "normal"]
[Board "4.1"]
[WhiteElo "2226"]
[BlackElo "1973"]
[WhiteTeam "SC Dillingen"]
[BlackTeam "SC Tamm 74"]
[PlyCount "65"]
[WhiteFideId "4697294"]
[BlackFideId "24621030"]
[EventCountry "GER"]
[EventRounds "7"]
[EventType "team-swiss"]
[EventDate "2009.12.26"]

1. Nf3 e6 2. g3 d5 3. Bg2 Bd6 4. Nc3 c6 5. e4 Nd7 6. Qe2 Ne7 7. d4 Bb4 8. O-O
O-O 9. h4 b6 10. Ng5 Bb7 11. a3 Bxc3 12. bxc3 c5 13. e5 Nf5 14. Bh3 Qe8 15. Re1
h6 16. Nf3 Qe7 17. h5 a5 18. Bxf5 exf5 19. Nh4 Qe6 20. Qf3 f6 21. Qxf5 Qxf5 22.
Nxf5 fxe5 23. Nd6 Bc6 24. dxe5 Rf3 25. Bd2 Rd8 26. e6 Ne5 27. Rxe5 Rxd6 28.
Rae1 Kf8 29. Bf4 Ke8 30. Rf5 Rd8 31. e7 Rc8 32. Rf8+ Kd7 33. e8=Q+ 1-0

[Event "DVM U20 2009"]
[Site "Chemnitz GER"]
[Date "2009.12.27"]
[Round "1"]
[White "Schäfer, Alexander"]
[Black "Nuber, Blasius"]
[Result "0-1"]
[Termination "normal"]
[Board "4.2"]
[WhiteElo "2073"]
[BlackElo "2177"]
[WhiteTeam "SC Tamm 74"]
[BlackTeam "SC Dillingen"]
[PlyCount "94"]
[WhiteFideId "24615196"]
[BlackFideId "24620289"]
[EventCountry "GER"]
[EventRounds "7"]
[EventType "team-swiss"]
[EventDate "2009.12.26"]

1. e4 e5 2. Nf3 Nc6 3. Bb5 a6 4. Ba4 Nf6 5. O-O Be7 6. Re1 b5 7. Bb3 O-O 8. c3
d6 9. h3 Na5 10. Bc2 c5 11. d4 Qc7 12. Nbd2 Bb7 13. d5 Kh8 14. Nf1 Ng8 15. Ne3
g6 16. Nh2 Bc8 17. g4 Bg5 18. Ng2 Bxc1 19. Qxc1 f5 20. exf5 gxf5 21. Qg5 Qg7
22. Qxg7+ Kxg7 23. Nh4 Nh6 24. f4 e4 25. gxf5 Nxf5 26. Nxf5+ Bxf5 27. Kg2 Nc4
28. Bxe4 Nxb2 29. Kf3 Bxh3 30. Rg1+ Kh8 31. Rg5 Ra7 32. Kg3 Re7 33. Bc2 Bd7 34.
Nf3 Nc4 35. Rh1 Ne3 36. Re1 Rg8 37. Rxg8+ Kxg8 38. Ng5 h6 39. Kf3 Nxd5 40. Rxe7
Nxe7 41. Ne4 Bc6 42. Kg4 Bxe4 43. Bxe4 a5 44. a3 Kg7 45. Bd3 Nd5 46. Bxb5 Nxc3
47. Bc6 Kf6 0-1